000 00809cam a22001935a 4500
001 L155492
008 120326s1811 xxk f 000 0 eng d
035 _a(Sirsi) u155492
041 0 _aeng
100 1 _aWoods, George
245 0 3 _aAn account of the past and present state of the Isle of Man
_bincluding topographical description; a sketch of its mineralogy; an outline of its laws, with the privileges enjoyed by strangers; and a history of the island
260 _aLondon
_bPrinted for Robert Baldwin, ... and William Blackwood, Edinburgh.
_c1811
300 _avii, 365 p.
_bmap
_c23 cm.
520 _aIncludes a map of the Isle of Man, showing the geology of the island.
583 _aCondition reviewed
_c20120620
_lcondition level 1
651 4 _aIsle of Man
690 _aRural
_96268
942 _n0
999 _c113604
_d113604